000
00307nam a22001217a 4500
008
230703b xxu||||| |||| 00| 0 eng d
082
_a
342.6
_b
NEI
100
_c
Paul H Niekirk MA
245
_a
The Kenya Law reports 1976
260
_b
East African Publishing house
_c
1981
300
_a
312p
942
_2
ddc
_c
BK
999
_c
3435
_d
3435